|
|
|
|
| LEADER |
00943cam a2200241 4500 |
| 001 |
2680885 |
| 003 |
GR-PaULI |
| 005 |
20210117210612.0 |
| 008 |
710716s1971 nyu b 001 0 eng |
| 020 |
|
|
|a 0125476507
|
| 040 |
|
|
|a DLC
|c DLC
|d DLC
|d ICU
|b gre
|e AACR2
|
| 082 |
0 |
0 |
|a 629.89
|2 23
|
| 100 |
1 |
|
|a Paz, Azaria
|9 168430
|e συγγραφέας.
|
| 245 |
1 |
0 |
|a Introduction to probabilistic automata /
|c Paz Azaria.
|
| 260 |
|
|
|a New York :
|b Academic Press,
|c 1971.
|
| 300 |
|
|
|a xxv, 228 σ. ;
|c 24 εκ.
|
| 504 |
|
|
|a Περιλαμβάνει βιβλιογραφία.
|
| 650 |
|
4 |
|a Αλυσίδες Markov
|9 3784
|
| 650 |
|
4 |
|a Αυτόματος έλεγχος
|9 384
|
| 942 |
|
|
|2 ddc
|c BK15
|
| 952 |
|
|
|0 0
|1 0
|2 ddc
|4 0
|6 629_890000000000000_PAZ
|7 0
|9 221553
|a LISP
|b LISP
|c BSC
|d 2018-04-23
|e Βιβλιοθήκη Μαθηματικού.
|i 124821
|l 0
|o 629.89 PAZ
|p 025000041950
|r 2018-04-23 00:00:00
|t 1
|y BK15
|
| 998 |
|
|
|c ΜΠΟΥΡΑΣ
|d 2018-04
|
| 999 |
|
|
|c 133865
|d 133865
|